| Tag |
First Indicator |
Second Indicator |
Subfields |
| LEADER |
00000cam a2200000ua 4500 |
| 001 |
in00001447708 |
| 005 |
20180503133947.0 |
| 008 |
870602r19961923gw 000 0 ger d |
| 020 |
|
|
|a 3930494132
|
| 035 |
|
|
|a (OCoLC)39746075
|
| 035 |
|
|
|9 AJD6976AM
|
| 040 |
|
|
|a MNU
|c MNU
|d OCL
|d TXA
|d UtOrBLW
|
| 049 |
|
|
|a TXAM
|
| 090 |
|
|
|a PN686.T7
|b J3 1996
|
| 100 |
1 |
|
|a Jansen, Barbara.
|
| 245 |
1 |
0 |
|a Tristan und Parzival :
|b ein Beitrag zur Kulturgeschichte des Mittelalters /
|c Barbara Jansen.
|
| 250 |
|
|
|a 1. Aufl.
|
| 264 |
|
1 |
|a [Giessen] :
|b Kletsmeier,
|c 1996.
|
| 300 |
|
|
|a 116 pages ;
|c 30 cm.
|
| 336 |
|
|
|a text
|b txt
|2 rdacontent
|
| 337 |
|
|
|a unmediated
|b n
|2 rdamedia
|
| 338 |
|
|
|a volume
|b nc
|2 rdacarrier
|
| 490 |
1 |
|
|a Reprints zur Geschichte der Literaturwissenschaften ;
|v Bd. 2
|
| 500 |
|
|
|a Reprint of the author's thesis (Ph. D.)--Utrecht, 1923.
|
| 504 |
|
|
|a Includes bibliographical references.
|
| 600 |
0 |
0 |
|a Perceval
|c (Legendary character)
|
| 650 |
|
0 |
|a Civilization, Medieval.
|
| 600 |
0 |
0 |
|a Tristan
|c (Legendary character)
|x Romances
|x History and criticism.
|
| 830 |
|
0 |
|a Reprints zur Geschichte der Literaturwissenschaften ;
|v Bd. 2.
|
| 948 |
|
|
|a c:ktn
|
| 999 |
|
|
|a MARS
|
| 999 |
f |
f |
|s ec81eec5-845c-399d-b690-7ecd9a18b3f7
|i d41ccde4-7b43-3a85-87e1-01dad1b10e31
|t 0
|
| 952 |
f |
f |
|p ric
|a Texas A&M University
|b Rellis Campus
|c Joint Library Facility
|d Remote Storage
|t 0
|e PN686.T7 J3 1996
|h Library of Congress classification
|i unmediated -- volume
|m A14824142960
|
| 998 |
f |
f |
|a PN686.T7 J3 1996
|t 0
|l Remote Storage
|